Basic training for trainers : a handbook for new trainers /

This is a handbook for new trainers in basic training.

שמור ב:
מידע ביבליוגרפי
מחבר ראשי: Kroehnert, Gary.
פורמט: ספר
שפה:English
יצא לאור: Sydney : McGraw-Hill, 2000.
מהדורה:3rd ed.
נושאים:
תגים: הוספת תג
אין תגיות, היה/י הראשונ/ה לתייג את הרשומה!
Thư viện lưu trữ: Mạng thư viện Đại học Đà Nẵng
LEADER 01228cam a2200409 i 4500
001 000047638
003 7328
005 20030313085830.0
008 010321|2000 vm 000 eng
020 |a 0074709135 
040 |a IRC  |c IRC  |d IRC 
041 0 |a eng 
082 1 4 |a 658.312404  |b KR-G 
100 1 |a Kroehnert, Gary. 
245 0 0 |a Basic training for trainers :  |b a handbook for new trainers /  |c Gary Kroehnert. 
250 |a 3rd ed. 
260 |a Sydney :  |b McGraw-Hill,  |c 2000. 
300 |a x, 258 p. :  |b ill. ;  |c 28cm. 
520 3 |a This is a handbook for new trainers in basic training. 
630 0 4 |a Training. 
630 0 4 |a Employees. 
630 0 4 |a Organizations. 
650 0 4 |a Occupational training  |v Handbooks, manuals, etc. 
650 0 4 |a Communication in organizations  |v Handbooks, manuals, etc. 
650 0 4 |a Adult learning  |v Handbooks, manuals, etc. 
650 0 4 |a Instructional systems  |x Design. 
650 0 4 |a Employees  |x Training of  |v Handbooks, manuals, etc. 
OWN |a DUT 
999 |a From the UDN01 
TYP |a Monograph 
TYP |a Printed language 
980 |a Mạng thư viện Đại học Đà Nẵng